00406nam a2200157Ia 4500003000400000005001700004008004100021020001800062040000900080082001700089100001800106245005100124260004400175300000900219650002000228OSt20210210124934.0190216s9999||||xx |||||||||||||| ||und|| a9788182250314 coclc a823.8bELI/S aEliot, George 0aSelected Works Of George Eliot /cGeorge Eliot bShrijee Book International,aNew Delhi: a688p aEnglish General